| 000 | 00979nac a22002771u 4500 | ||
|---|---|---|---|
| 010 | _a 76129657 | ||
| 020 | _a0471175706 | ||
| 082 | 0 | 0 |
_a541.220151 _bCOT |
| 090 |
_c6706 _d6706 |
||
| 100 | _aCotton, F. Albert | ||
| 245 | 1 | 0 |
_aChemical applications of group theory _c[by] F. Albert Cotton. |
| 250 | _a2d ed. | ||
| 260 |
_aNew York: _bWiley-Interscience,c.[1971] _cc.[1971] |
||
| 300 |
_axiv, 386 p. _billus. _c23 cm. |
||
| 500 | _aDisributer: Al-Ahram. | ||
| 504 | _aBibliography: p. 380-382. | ||
| 511 | _aCatalogued By: Mahitab. | ||
| 650 | 0 | _aMolecular theory. | |
| 650 | 0 | _aGroup theory. | |
| 856 | 4 | 2 |
_3Publisher description _uhttp://www.loc.gov/catdir/enhancements/fy0607/76129657-d.html |
| 856 | 4 | 2 |
_3Table of contents only _uhttp://www.loc.gov/catdir/enhancements/fy0607/76129657-t.html |
| 942 |
_cBB _k541.220151COT _hRDA-MOD |
||
| 999 |
_c6706 _d6706 |
||
| 336 |
_2rdacontent _atext _btxt |
||
| 337 |
_aunmediated _2rdamedia _bn |
||
| 338 |
_avolume _bnc _2rdacarrier |
||